| 000 | 00000nas 2200000zi 4500 |
| 001 | 9.874343 |
| 003 | CaOODSP |
| 005 | 20250509081915 |
| 006 | m o d f |
| 007 | cr ||||||||||| |
| 008 | 190603d18441859qucar p o f0###a0fre|d |
| 022 | |y1482-5473 |
| 040 | |aCaOODSP|bfre|erda|cCaOODSP |
| 043 | |an-cn--- |
| 086 | 1 |aM41-1/1F-PDF |
| 245 | 00|aRapport de progrès pour l'année … / |cExploration géologique du Canada. |
| 246 | 3 |aExploration géologique du Canada, rapport de progrès pour l'année |
| 264 | 1|aMontréal : |bExploration géologique du Canada, |c1846-1859. |
| 264 | 3|aMontréal : |bLovell et Gibson,|c1846-1859. |
| 310 | |aAnnuel |
| 336 | |atexte|btxt|2rdacontent/fre |
| 337 | |ainformatique|bc|2rdamedia/fre |
| 338 | |aressource en ligne|bcr|2rdacarrier/fre |
| 362 | 0 |a1844-1858. |
| 500 | |aÉdition numérisée de l’imprimée. |
| 500 | |aPublié aussi en anglais sous le titre : Report of progress - Geological Survey of Canada. |
| 515 | |aAucun rapport publié pour les années 1859-1862. |
| 580 | |aSuivi de : Rapport des opérations - Exploration géologique du Canada. |
| 692 | 07|2gccst|aGéologie |
| 692 | 07|2gccst|aPaléontologie |
| 692 | 07|2gccst|aMinerai |
| 710 | 1 |aCanada. |bRessources naturelles Canada. |
| 710 | 2 |aCommission géologique du Canada. |
| 775 | 08|tReport of progress for the year … / |w(CaOODSP)9.874172 |
| 785 | 00|tRapport des opérations de … / |w(CaOODSP)9.874351 |